|
|
|
|
| LEADER |
01442nam a2200337 a 4500 |
| 001 |
000445412 |
| 003 |
CZ BrMZK |
| 005 |
20091111062827.0 |
| 007 |
ta |
| 008 |
970605s1968 xr af f cze d |
| 015 |
|
|
|a cnb000423635
|
| 035 |
|
|
|a (OCoLC)42164224
|
| 040 |
|
|
|a BOA001
|b cze
|
| 080 |
|
|
|a 726.6:729(437.11)(091)(083.85)
|2 MRF
|
| 100 |
1 |
|
|a Pavel, Jakub,
|d 1903-1974
|7 jk01092020
|4 aut
|
| 245 |
1 |
0 |
|a Chrám sv. Víta v Praze /
|c Jakub Pavel ; fot.: Alexander Paul
|
| 250 |
|
|
|a 1. vyd.
|
| 260 |
|
|
|a Praha :
|b Odeon,
|c 1968
|
| 300 |
|
|
|a 89, [3] s. :
|b [6] s. fot. příl. ;
|c 8°
|
| 490 |
1 |
|
|a Umělecké poklady ;
|v sv. 4
|
| 500 |
|
|
|a 12000 výt.
|
| 500 |
|
|
|a Některé fot. barev.
|
| 500 |
|
|
|a Přehl. lit.
|
| 520 |
2 |
|
|a Uměleckohistorický průvodce věnovaný jedné z nejslavnějších památek českých zemí. Výklad sleduje jednotlivá údobí stavebního vývoje a popisuje sochařskou i malířskou výzdobu, z níž hlavně monumentální figurální plastika jevzácnou památkou umělecké i kulturně historické ceny.
|
| 830 |
|
0 |
|a Umělecké poklady (Odeon)
|0 s
|
| 910 |
|
|
|a BOA001
|b 1-0599.860
|b PK-A-0011.540
|
| 920 |
|
|
|a 000071574
|
| 964 |
|
|
|a Chrám sv. Víta, Praha - průvodce
|
| 990 |
|
|
|a BK
|
| 996 |
6 |
|
|b 2619765682
|c 1-0599.860
|l MZK
|r Sklad / do 1 hodiny
|n 4
|w 000445412
|u 000010
|a 1
|e BOA001
|j MZK50
|s P
|
| 996 |
7 |
|
|b 3119963477
|c PK-A-0011.540
|l MZK
|r Sklad / do 1 hodiny
|n 4
|w 000445412
|u 000020
|a 1
|e BOA001
|j MZK50
|s A
|